| 000 | 00771nam a22002177a 4500 | ||
|---|---|---|---|
| 003 | OSt | ||
| 005 | 20131021110412.0 | ||
| 008 | 130514s1999 sp ||||| |||| 00| 0 spa d | ||
| 020 | _a8483731290 | ||
| 040 | _cCDMR | ||
| 100 | 1 |
_91838 _aArmentia Vizuete, José Ignacio |
|
| 245 | 1 | 0 |
_aDiseño y periodismo electrónico _cJosé Ignacio Armentia Vizuete, Jon Elexgaray Arias, Juan Carlos Pérez Fuentes |
| 260 |
_a[Bilbao] _bUniversidad del País Vasco. Servicio Editorial _bEuskal Herriko Unibertsitatea. Argitalpen zerbitzua _c1999 |
||
| 300 | _a275 p. | ||
| 650 | 0 | 4 |
_93188 _aPremsa digital |
| 650 | 0 | 4 |
_93186 _aEdició de webs |
| 650 | 0 | 4 |
_91840 _aDiaris _xDisseny |
| 700 | 1 |
_93412 _aElexgaray Arias, Jon |
|
| 700 | 1 |
_93413 _aPérez Fuentes, Juan Carlos |
|
| 942 |
_2udc _cMON |
||
| 999 |
_c6226 _d6226 |
||